000 00399nab a2200145Ia 4500
003 ES-SlBCS
005 20210601134616.0
008 140529s1994 xxu||||| |||| 00| 0 spa d
041 _aspa
100 1 _aTenreiro, Oscar
_9220388
245 0 0 _aFamilia y ciudad
_c Oscar Tenreiro
650 0 4 _aFamilia-Ciudad
_9220389
773 0 _tAnthropos
_gvol. 15, nº. 28, 1994, págs. 79-90
_wRev38
942 _cAR
999 _c615227
_d615227